Tables of the function $ sin phi/ phi$ and of its first eleven derivatives /
Guardado en:
| Autor Corporativo: | |
|---|---|
| Formato: | Libro |
| Idioma: | English |
| Publicado: |
Cambridge, Mass. :
Harvard University Press,
1949.
|
| Series: | The annals of the Computation Laboratory of Harvard University ;
v. 22 |
| Etiquetas: |
Agregar Etiqueta
Sin Etiquetas, Sea el primero en etiquetar este registro!
|
| LEADER | 00647nam a22001575a 4500 | ||
|---|---|---|---|
| 001 | MAT.inmabb000495 | ||
| 008 | 031125s1949####mau###########001#0#eng#d | ||
| 005 | 20110309180950.0 | ||
| 245 | 1 | 0 | |a Tables of the function $ sin phi/ phi$ and of its first eleven derivatives / |c by the staff of the Computation Laboratory. |
| 260 | |a Cambridge, Mass. : |b Harvard University Press, |c 1949. | ||
| 300 | |a xviii, 241 p. ; |c 28 cm. | ||
| 440 | 4 | |a The annals of the Computation Laboratory of Harvard University ; |v v. 22 | |
| 510 | 4 | |a MR, |c 11,692a | |
| 110 | 0 | |a Harvard University. |b Computation Laboratory. | |
| 084 | |a 65A05 |2 msc2000 | ||
| 859 | |h 65 |i H339 |p A-270 |v 22 |b BIB. MATEMATICA | ||
